000 00499nam a2200169Ia 4500
999 _c36153
_d36153
003 OSt
005 20201218095833.0
008 190216s9999||||xx |||||||||||||| ||und||
040 _coclc
082 _a423.94812
_bTHO/S
100 _aThomas, T K
_97645
245 0 _aV Students English Malayalam Dictionary /
_cT K Thomas
260 _bVipul Publishers,
_aKottayam:
_c1990.
300 _a705p
650 _aReferences
942 _cREF
_2ddc
_h423.94812
_iTHO/S
_k423.94812
_mTHO/S